[Event "Dutch League 2023-24"]
[Site "Netherlands NED"]
[Date "2024.03.23"]
[Round "8.8"]
[White "Zwirs, Nico"]
[Black "Maatman, Nick"]
[Result "1-0"]
[WhiteTitle "IM"]
[BlackTitle "IM"]
[WhiteElo "2480"]
[BlackElo "2397"]
[WhiteTeam "AMEVO Apeldoorn"]
[BlackTeam "Groninger Combinatie"]
[WhiteFideId "1036432"]
[BlackFideId "1040391"]
[EventDate "2023.09.16"]
[EventType "team-tourn"]

1. e4 e5 2. Nf3 Nc6 3. Bc4 Nf6 4. d3 Bc5 5. O-O d6 6. c3 a5 7. Re1 Ba7 8. Na3 h6
9. Nb5 Bb6 10. Be3 Bxe3 11. Rxe3 O-O 12. d4 Bg4 13. h3 Bh5 14. Be2 Bxf3 15. Bxf3
Qe7 16. Qd2 Nb8 17. Rd1 Na6 18. g3 Rfd8 19. Bg2 c6 20. Na3 Qc7 21. Ree1 b5 22.
Nc2 Re8 23. Qd3 Qb6 24. Ne3 c5 25. Nf5 cxd4 26. cxd4 Nb4 27. Qb3 Rad8 28. a3 Nc6
29. dxe5 dxe5 30. Nd6 Re7 31. Qxb5 Qxb5 32. Nxb5 Rb7 33. Rxd8+ Nxd8 34. a4 Rd7
35. Rc1 Ne6 36. Na3 Rd4 37. Nc4 Nc5 38. Nxe5 Ncxe4 39. b3 Rb4 40. Rc8+ Kh7 41.
Rc4 Nd2 42. Rxb4 axb4 43. a5 Nxb3 44. a6 Ne8 45. a7 Nc7 46. Nd3 1-0

[Event "Dutch League 2023-24"]
[Site "Netherlands NED"]
[Date "2024.03.23"]
[Round "8.9"]
[White "Wempe, Joost"]
[Black "Beerdsen, Thomas"]
[Result "0-1"]
[WhiteTitle "FM"]
[BlackTitle "GM"]
[WhiteElo "2287"]
[BlackElo "2504"]
[WhiteTeam "Groninger Combinatie"]
[BlackTeam "AMEVO Apeldoorn"]
[WhiteFideId "1005502"]
[BlackFideId "1030108"]
[EventDate "2023.09.16"]
[EventType "team-tourn"]

1. d4 d5 2. Nf3 Nc6 3. g3 g6 4. Bg2 Bg7 5. O-O Nf6 6. b3 h5 7. Bb2 Bf5 8. c4 e6
9. Ne5 h4 10. Nd2 hxg3 11. hxg3 Nxe5 12. dxe5 Ng4 13. cxd5 exd5 14. e4 dxe4 15.
Qe2 e3 16. fxe3 O-O 17. Bxb7 Rb8 18. e4 Be6 19. Bd5 Bxd5 20. exd5 Qxd5 21. Qxg4
Qxd2 22. Rf2 Qe3 23. Bd4 Rb4 24. Bxe3 Rxg4 25. Kh2 Bxe5 26. Rg1 Rd8 27. Kh3 f5
28. Bf4 Rd5 29. Rc1 c5 30. Rcc2 Kg7 31. Bxe5+ Rxe5 32. Rf3 Kh6 33. Rfc3 Kh5 34.
Rxc5 Re3 35. Rg2 Rh4# 0-1

[Event "Dutch League 2023-24"]
[Site "Netherlands NED"]
[Date "2024.03.23"]
[Round "8.10"]
[White "Lammens, Tim"]
[Black "Slagboom, Leandro"]
[Result "1-0"]
[WhiteTitle "FM"]
[BlackTitle "FM"]
[WhiteElo "2238"]
[BlackElo "2326"]
[WhiteTeam "AMEVO Apeldoorn"]
[BlackTeam "Groninger Combinatie"]
[WhiteFideId "1008803"]
[BlackFideId "1065882"]
[EventDate "2023.09.16"]
[EventType "team-tourn"]

1. c4 e6 2. Nf3 Nf6 3. g3 d5 4. Bg2 d4 5. O-O Nc6 6. e3 e5 7. exd4 e4 8. Ng5
Nxd4 9. Nxe4 Nxe4 10. Re1 Be7 11. Bxe4 h5 12. d3 c6 13. Nc3 Bg4 14. f3 Be6 15.
Be3 Qd7 16. Kg2 h4 17. g4 O-O 18. Qd2 h3+ 19. Kh1 Bh4 20. Rg1 f5 21. gxf5 Bxf5
22. Bxd4 Qxd4 23. Qh6 Bf2 24. Rg4 Bxe4 25. Nxe4 Rf7 26. Qg6 Qxb2 27. Rf1 Be3 28.
Nd6 Rf4 29. Qe6+ Kh7 30. Rg3 1-0

[Event "Dutch League 2023-24"]
[Site "Netherlands NED"]
[Date "2024.03.23"]
[Round "8.1"]
[White "Baltic, Fatih"]
[Black "Van Haastert, Edwin"]
[Result "1/2-1/2"]
[WhiteTitle "FM"]
[BlackTitle "IM"]
[WhiteElo "2271"]
[BlackElo "2426"]
[WhiteTeam "Zuid Limburg"]
[BlackTeam "LSG IntelliMagic"]
[WhiteFideId "12979090"]
[BlackFideId "1003992"]
[EventDate "2023.09.16"]
[EventType "team-tourn"]

1. Nf3 d5 2. g3 g6 3. Bg2 Bg7 4. d4 Nf6 5. O-O O-O 6. c4 dxc4 7. Ne5 c5 8. dxc5
Qc7 9. c6 Nxc6 10. Nxc6 bxc6 11. Qa4 Nd5 12. Qxc4 Be6 13. Qc2 Rab8 1/2-1/2

[Event "Dutch League 2023-24"]
[Site "Netherlands NED"]
[Date "2024.03.23"]
[Round "8.2"]
[White "Vogt, Andreas"]
[Black "Lenaerts, Lennert"]
[Result "0-1"]
[WhiteTitle "FM"]
[BlackTitle "FM"]
[WhiteElo "2291"]
[BlackElo "2339"]
[WhiteTeam "LSG IntelliMagic"]
[BlackTeam "Zuid Limburg"]
[WhiteFideId "4629434"]
[BlackFideId "211435"]
[EventDate "2023.09.16"]
[EventType "team-tourn"]

1. d4 Nf6 2. Nf3 d5 3. c4 e6 4. Nc3 Be7 5. Bf4 O-O 6. e3 Nbd7 7. c5 c6 8. h3 b6
9. b4 a5 10. a3 h6 11. Qc1 Bb7 12. Bd3 Qc8 13. O-O Ba6 14. Qc2 Bxd3 15. Qxd3 Qb7
16. Rfb1 Ra7 17. Qc2 Rfa8 18. b5 Rc8 19. cxb6 Nxb6 20. Qb3 a4 21. bxc6 Qxc6 22.
Qxb6 Qxb6 23. Rxb6 Rxc3 24. Bd6 Nd7 25. Bb4 Rxa3 26. Bxa3 Nxb6 27. Bc5 Bxc5 28.
dxc5 Nc4 29. Nd4 Kf8 30. c6 Ke7 31. Nb5 Ra8 32. Nc3 a3 33. Nb5 Ra5 0-1

[Event "Dutch League 2023-24"]
[Site "Netherlands NED"]
[Date "2024.03.23"]
[Round "8.3"]
[White "Hamblok, Roel"]
[Black "De Jong, Jan-Willem"]
[Result "1/2-1/2"]
[WhiteTitle "FM"]
[BlackTitle "IM"]
[WhiteElo "2235"]
[BlackElo "2408"]
[WhiteTeam "Zuid Limburg"]
[BlackTeam "LSG IntelliMagic"]
[WhiteFideId "209317"]
[BlackFideId "1008641"]
[EventDate "2023.09.16"]
[EventType "team-tourn"]

1. d4 d5 2. c4 c6 3. Nf3 Nf6 4. e3 Bf5 5. Bd3 Bg6 6. Qc2 e6 7. Nbd2 Nbd7 8. O-O
Be7 9. b3 O-O 10. Bxg6 hxg6 11. Bb2 Rc8 12. c5 Nh7 13. b4 f5 14. Ne1 g5 15. f3
Qe8 16. Nd3 Qh5 17. Rae1 g4 18. Nf4 Qh6 1/2-1/2

[Event "Dutch League 2023-24"]
[Site "Netherlands NED"]
[Date "2024.03.23"]
[Round "8.4"]
[White "Swinkels, Robin"]
[Black "Wantola, Ivo"]
[Result "1-0"]
[WhiteTitle "GM"]
[BlackTitle "FM"]
[WhiteElo "2510"]
[BlackElo "2347"]
[WhiteTeam "LSG IntelliMagic"]
[BlackTeam "Zuid Limburg"]
[WhiteFideId "1010824"]
[BlackFideId "1016067"]
[EventDate "2023.09.16"]
[EventType "team-tourn"]

1. d4 Nf6 2. c4 e5 3. dxe5 Ng4 4. Bf4 Nc6 5. Nf3 Bb4+ 6. Nc3 Qe7 7. Qb3 a5 8. e3
a4 9. Qc2 a3 10. Be2 axb2 11. Qxb2 d6 12. exd6 Qf6 13. Rc1 Ra3 14. Nd4 Rxc3 15.
Rxc3 Nxf2 16. Kxf2 g5 17. Rb3 gxf4 18. Nxc6 fxe3+ 19. Kxe3 Bc5+ 20. Kd2 Qxb2+
21. Rxb2 bxc6 22. Rb8 O-O 23. d7 Bxd7 24. Rxf8+ Kxf8 25. Kc3 Ke7 26. Bf3 h6 27.
Re1+ Kf6 28. Rd1 Ke7 29. a4 Bb6 30. Kb4 c5+ 31. Kb3 Be6 32. Bd5 Bf5 33. Re1+ Kf8
34. Rf1 Bg6 35. Rf4 Ba5 36. Be4 Bd2 37. Rf2 Be3 38. Bxg6 1-0

[Event "Dutch League 2023-24"]
[Site "Netherlands NED"]
[Date "2024.03.23"]
[Round "8.5"]
[White "Van Meegen, Ruud"]
[Black "Smeets, Jan"]
[Result "0-1"]
[WhiteTitle "FM"]
[BlackTitle "GM"]
[WhiteElo "2275"]
[BlackElo "2539"]
[WhiteTeam "Zuid Limburg"]
[BlackTeam "LSG IntelliMagic"]
[WhiteFideId "1034995"]
[BlackFideId "1007246"]
[EventDate "2023.09.16"]
[EventType "team-tourn"]

1. d4 d5 2. c4 e6 3. Nc3 a6 4. cxd5 exd5 5. Nf3 c6 6. Bf4 Bd6 7. e3 Bxf4 8. exf4
Bg4 9. Be2 Bxf3 10. Bxf3 Ne7 11. O-O O-O 12. Qd3 Nc8 13. Na4 Nd7 14. Rfe1 Ncb6
15. Nxb6 Qxb6 16. Re7 Nf6 17. Qc3 Rfe8 18. Rae1 a5 19. g4 Kf8 20. Qe3 Ne4 21.
Rxe8+ Rxe8 22. Bxe4 Qxb2 23. Qd3 Qxa2 24. Re2 dxe4 25. Rxe4 Rxe4 26. Qxe4 Qe6
27. Qf3 Qd5 28. Qd3 h6 29. Qe3 Qd6 30. g5 a4 31. gxh6 gxh6 32. f5 b5 33. Qf3 a3
34. Qb3 Kg7 35. Kf1 b4 36. Ke2 Qxd4 37. Qg3+ Kf6 38. Qh3 Qf4 39. Qd3 Qe5+ 40.
Kf1 Qb5 0-1

[Event "Dutch League 2023-24"]
[Site "Netherlands NED"]
[Date "2024.03.23"]
[Round "8.6"]
[White "Van der Werf, Mark"]
[Black "Perkampus, Laurin"]
[Result "1-0"]
[WhiteTitle "IM"]
[WhiteElo "2401"]
[BlackElo "2126"]
[WhiteTeam "LSG IntelliMagic"]
[BlackTeam "Zuid Limburg"]
[WhiteFideId "1000470"]
[BlackFideId "16232283"]
[EventDate "2023.09.16"]
[EventType "team-tourn"]

1. d4 d5 2. c4 dxc4 3. Nf3 Nf6 4. e3 e6 5. Bxc4 c5 6. O-O cxd4 7. exd4 Be7 8.
Nc3 O-O 9. a3 Nc6 10. Qd3 b6 11. Bf4 Bb7 12. Rad1 Nh5 13. Bc1 Nf6 14. Rfe1 Rc8
15. Ba2 Rc7 16. Bb1 g6 17. Ba2 Re8 18. Qe3 Bf8 19. Qf4 Nh5 20. Qg4 Bc8 21. Ne5
Bg7 22. Nb5 Nxe5 23. dxe5 Rd7 24. Bg5 f5 25. exf6 Nxf6 26. Bxe6+ Kf8 27. Qb4+
Qe7 28. Bxd7 Bxd7 29. Rxe7 Rxe7 30. Bxf6 1-0

[Event "Dutch League 2023-24"]
[Site "Netherlands NED"]
[Date "2024.03.23"]
[Round "8.7"]
[White "Hausrath, Daniel"]
[Black "Jens, Jelmer"]
[Result "1-0"]
[WhiteTitle "GM"]
[BlackTitle "IM"]
[WhiteElo "2465"]
[BlackElo "2358"]
[WhiteTeam "Zuid Limburg"]
[BlackTeam "LSG IntelliMagic"]
[WhiteFideId "4617495"]
[BlackFideId "1007394"]
[EventDate "2023.09.16"]
[EventType "team-tourn"]

1. Nf3 f5 2. d3 d6 3. e4 e5 4. Nc3 Nc6 5. exf5 Nge7 6. f6 gxf6 7. d4 d5 8. dxe5
fxe5 9. Ng5 Bf5 10. g4 Bg6 11. Ne6 Qd6 12. Nb5 Qb4+ 13. Bd2 Qe4+ 14. Qe2 Qxh1
15. O-O-O a6 16. Nbxc7+ Kd7 17. f4 Be4 18. Qf2 Rb8 19. fxe5 Qf3 20. Qb6 Nc8 21.
Nxf8+ Rxf8 22. e6+ Kd6 23. Bb4+ Ke5 24. Qc5 N8e7 25. Bc3+ Kf4 26. Bd2+ Kxg4 27.
Qg1+ 1-0

[Event "Dutch League 2023-24"]
[Site "Netherlands NED"]
[Date "2024.03.23"]
[Round "8.8"]
[White "Willemze, Thomas"]
[Black "Van Dael, Siem"]
[Result "0-1"]
[WhiteTitle "IM"]
[BlackTitle "FM"]
[WhiteElo "2317"]
[BlackElo "2308"]
[WhiteTeam "LSG IntelliMagic"]
[BlackTeam "Zuid Limburg"]
[WhiteFideId "1007238"]
[BlackFideId "1049771"]
[EventDate "2023.09.16"]
[EventType "team-tourn"]

1. e4 e5 2. Nf3 Nc6 3. Nc3 Nf6 4. Bb5 Bb4 5. O-O O-O 6. d3 Bxc3 7. bxc3 d6 8.
Re1 h6 9. d4 Bd7 10. Rb1 Rb8 11. h3 Re8 12. Bd3 Nh7 13. Be3 b6 14. Nh2 Ne7 15.
f4 exd4 16. Bxd4 Ng6 17. Qf3 c5 18. Bf2 Bc6 19. Qg3 Nf6 20. f5 Ne5 21. c4 Nh5
22. Qh4 Qg5 23. Qxg5 hxg5 24. Nf3 Nf4 25. Nxe5 dxe5 26. Be3 f6 27. Rb3 Rbd8 28.
Ra3 Rd7 29. Kf2 Red8 30. Bf1 g6 31. g3 gxf5 32. exf5 Nh5 33. Be2 Ng7 34. g4 Ne8
35. Bc1 Nd6 36. Ke3 Rh7 37. Bf1 Nc8 38. Rd3 Rd4 39. Bb2 Nd6 40. Bxd4 cxd4+ 41.
Kf2 Ne4+ 42. Kg1 Nc5 43. Rd2 Na4 44. Bg2 Bxg2 45. Kxg2 Nb2 46. Kg3 Nxc4 47. Rd3
Nb2 48. Rd2 Rc7 49. Kf3 Nc4 50. Rd3 Nd6 51. Re2 Nb5 52. Rb3 Nc3 53. Rh2 Nxa2 54.
h4 gxh4 55. g5 fxg5 56. Kg4 Nc3 57. f6 Kf7 58. Kxg5 Ke6 59. Rxh4 Rf7 60. Rxc3
dxc3 61. Rc4 Rf8 62. Rc6+ Kd5 63. Rxc3 e4 64. Rc7 a5 65. Kf5 a4 66. Re7 b5 67.
Rd7+ Kc4 68. Re7 Kc3 69. Rxe4 b4 70. Ke6 a3 0-1

[Event "Dutch League 2023-24"]
[Site "Netherlands NED"]
[Date "2024.03.23"]
[Round "8.9"]
[White "Braun, Christian2"]
[Black "Bosman, Michiel"]
[Result "1-0"]
[WhiteTitle "IM"]
[BlackTitle "IM"]
[WhiteElo "2397"]
[BlackElo "2341"]
[WhiteTeam "Zuid Limburg"]
[BlackTeam "LSG IntelliMagic"]
[WhiteFideId "4692098"]
[BlackFideId "1000721"]
[EventDate "2023.09.16"]
[EventType "team-tourn"]

1. Nf3 d5 2. g3 Nf6 3. Bg2 e6 4. O-O Be7 5. d3 c5 6. Nbd2 Nc6 7. e4 O-O 8. Re1
b5 9. e5 Ne8 10. Nf1 Nc7 11. h4 b4 12. N1h2 Nb5 13. Bg5 f6 14. exf6 gxf6 15. Bh6
Rf7 16. Ng4 Kh8 17. c4 bxc3 18. bxc3 Rb8 19. c4 Nc7 20. Bf4 Bd6 21. cxd5 Nxd5
22. Bxd6 Qxd6 23. a3 Rf8 24. Rc1 Ba6 25. Qc2 Rb5 26. Qd2 Rbb8 27. Ne3 Nb6 28.
Qc2 Nd4 29. Qxc5 Qxc5 30. Rxc5 Nxf3+ 31. Bxf3 Bxd3 32. Rd1 Bg6 33. Rc7 Rf7 34.
Rc6 Re7 35. h5 Be8 36. Rcd6 Kg7 37. Re1 Kf8 38. Ng4 Bxh5 39. Rexe6 Rxe6 40. Rxe6
Bxg4 41. Bxg4 Kf7 42. Rc6 Rb7 43. Be6+ Kg6 44. Kg2 Re7 45. f4 Rb7 46. Kh3 Na4
47. g4 h6 48. Rc8 Re7 49. f5+ Kg5 50. Kg3 Rg7 51. Bf7 h5 52. Rh8 1-0

[Event "Dutch League 2023-24"]
[Site "Netherlands NED"]
[Date "2024.03.23"]
[Round "8.10"]
[White "Pijpers, Arthur"]
[Black "Buscher, Michael"]
[Result "1-0"]
[WhiteTitle "IM"]
[BlackTitle "FM"]
[WhiteElo "2466"]
[BlackElo "2290"]
[WhiteTeam "LSG IntelliMagic"]
[BlackTeam "Zuid Limburg"]
[WhiteFideId "1019554"]
[BlackFideId "4617533"]
[EventDate "2023.09.16"]
[EventType "team-tourn"]

1. e4 c5 2. Nc3 Nc6 3. Nf3 e6 4. d4 cxd4 5. Nxd4 Nf6 6. Nxc6 dxc6 7. Qxd8+ Kxd8
8. e5 Nd7 9. Bf4 Bb4 10. O-O-O Bxc3 11. bxc3 Kc7 12. h4 b6 13. Rh3 Bb7 14. Rg3
Rag8 15. h5 h6 16. Rg4 g6 17. hxg6 fxg6 18. Bc4 Nf8 19. Be3 c5 20. Rf4 Rg7 21.
Rxf8 Rxf8 22. Bxh6 Rgf7 23. Bxe6 Bxg2 24. Bxf8 Rxf8 25. Rd7+ Kc6 26. Rd6+ Kc7
27. Rd7+ Kc6 28. c4 Rxf2 29. Rg7 b5 30. Bd7+ Kb6 31. Rxg6+ Ka5 32. Bxb5 Be4 33.
Ra6+ Kb4 34. e6 Rxc2+ 35. Kd1 Kc3 36. Ra3+ Kb2 37. e7 Bg6 38. Rb3+ Kxa2 39. e8=Q 1-0

[Event "Dutch League 2023-24"]
[Site "Netherlands NED"]
[Date "2024.04.20"]
[Round "9.1"]
[White "Ernst, Sipke"]
[Black "Van Dael, Siem"]
[Result "1-0"]
[WhiteTitle "GM"]
[BlackTitle "FM"]
[WhiteElo "2523"]
[BlackElo "2308"]
[WhiteTeam "Groninger Combinatie"]
[BlackTeam "Zuid Limburg"]
[WhiteFideId "1004689"]
[BlackFideId "1049771"]
[EventDate "2023.09.16"]
[EventType "team"]

1. d4 Nf6 2. g3 d5 3. Bg2 e6 4. c4 dxc4 5. Nf3 Bb4+ 6. Nc3 c5 7. O-O Nc6 8. dxc5
Qd5 9. Qd3 Qxd3 10. Re1 Qd1 11. Rxd1 O-O 12. Bf4 Bxc5 13. h3 Nb4 14. Ne5 Nbd5
15. Rac1 Nxf4 16. gxf4 Rb8 17. Nxc4 Bd7 18. Ne5 Be8 19. e3 Bb6 20. Nc4 Bc7 21.
Nd6 Bxd6 22. Rxd6 g6 23. Ne2 Bc6 24. Bxc6 bxc6 25. b3 c5 26. Rc6 Nd7 27. Rc7
Rfd8 28. Rxa7 Ra8 29. Rxa8 Rxa8 30. Nc3 Ra3 31. Rc2 Kf8 32. Ne4 Ke7 33. Kg2 h6
34. Kg3 f5 35. Nd2 Ra8 36. Nc4 g5 37. Ne5 Nf6 38. Nd3 Nd5 39. Nxc5 Nb4 40. Rc4
gxf4+ 41. Kxf4 Nd5+ 42. Ke5 Rxa2 43. Nxe6 Nb6 44. Rc6 Nd7+ 45. Kxf5 Ra5+ 46. Kf4
Ne5 47. Nd4 Nd3+ 48. Kf3 Rh5 49. Ke2 1-0

[Event "Dutch League 2023-24"]
[Site "Netherlands NED"]
[Date "2024.04.20"]
[Round "9.2"]
[White "Hausrath, Daniel"]
[Black "De Boer, Eelke"]
[Result "1-0"]
[WhiteTitle "GM"]
[BlackTitle "FM"]
[WhiteElo "2465"]
[BlackElo "2399"]
[WhiteTeam "Zuid Limburg"]
[BlackTeam "Groninger Combinatie"]
[WhiteFideId "4617495"]
[BlackFideId "1048120"]
[EventDate "2023.09.16"]
[EventType "team"]

1. Nf3 Nf6 2. g3 g6 3. Bg2 Bg7 4. O-O O-O 5. d4 d5 6. Be3 c6 7. Qc1 a5 8. h3
Nbd7 9. c4 Ne4 10. Nc3 Nxc3 11. bxc3 Re8 12. Bh6 Bh8 13. cxd5 cxd5 14. Ng5 e6
15. Re1 Bg7 16. Bxg7 Kxg7 17. e4 dxe4 18. Nxe4 Nf6 19. Nxf6 Qxf6 20. Re5 Qd8 21.
Rb1 Re7 22. h4 h5 23. Qe3 Ra6 24. Rc5 b6 25. Rcb5 Qd6 26. c4 Qc7 27. c5 bxc5 28.
Rxc5 Qd7 29. Rb8 Re8 30. Qc3 e5 31. dxe5 Qd1+ 32. Kh2 1-0

[Event "Dutch League 2023-24"]
[Site "Netherlands NED"]
[Date "2024.04.20"]
[Round "9.3"]
[White "Zaragatski, Ilja"]
[Black "Lenaerts, Lennert"]
[Result "1-0"]
[WhiteTitle "GM"]
[BlackTitle "FM"]
[WhiteElo "2450"]
[BlackElo "2339"]
[WhiteTeam "Groninger Combinatie"]
[BlackTeam "Zuid Limburg"]
[WhiteFideId "4655192"]
[BlackFideId "211435"]
[EventDate "2023.09.16"]
[EventType "team"]

1. d4 Nf6 2. Nf3 d5 3. c4 c6 4. e3 Bf5 5. Nc3 e6 6. Nh4 Be4 7. f3 Bg6 8. Qb3 Qc7
9. cxd5 cxd5 10. Bd2 Nc6 11. O-O-O a6 12. Nxg6 hxg6 13. Kb1 Nd7 14. Rc1 Na5 15.
Qd1 Nc4 16. e4 Nxd2+ 17. Qxd2 Qd6 18. exd5 exd5 19. Qg5 Rh5 20. Qe3+ Be7 21. f4
Kf8 22. Be2 Rh8 23. Bf3 Nb6 24. g3 Rd8 25. h4 Bf6 26. Rhd1 Kg8 27. Qd3 Qd7 28.
Rc2 Kh7 29. h5 Qf5 30. hxg6+ Qxg6 31. Ne4 Kg8 32. Nxf6+ gxf6 33. Rc7 Rh2 34. b3
Qxg3 35. Rxf7 Kxf7 36. Bh5+ Rxh5 37. Qxg3 Rg8 38. Qc3 Rc8 39. Qb4 Rc6 40. Re1
Kg6 41. Qe7 Rh2 42. f5+ Kg5 43. Qe3+ Kg4 44. Rg1+ Kxf5 45. Rf1+ 1-0

[Event "Dutch League 2023-24"]
[Site "Netherlands NED"]
[Date "2024.04.20"]
[Round "9.4"]
[White "Suvorov, Alexander"]
[Black "Maatman, Nick"]
[Result "1/2-1/2"]
[WhiteTitle "FM"]
[BlackTitle "IM"]
[WhiteElo "2355"]
[BlackElo "2397"]
[WhiteTeam "Zuid Limburg"]
[BlackTeam "Groninger Combinatie"]
[WhiteFideId "12977063"]
[BlackFideId "1040391"]
[EventDate "2023.09.16"]
[EventType "team"]

1. Nf3 c5 2. g3 Nc6 3. Bg2 g6 4. O-O Bg7 5. d3 e6 6. e4 Nge7 7. c3 d5 8. Re1 O-O
9. e5 b6 10. Bf4 a5 11. a4 Ba6 12. Na3 Qd7 13. Qd2 Rfb8 14. Bh6 Bh8 15. Bg5 b5
16. axb5 Bxb5 17. Nxb5 Rxb5 18. Bf6 Rab8 19. Ra2 Qd8 20. g4 Bxf6 21. exf6 Nc8
22. g5 Nd6 23. h4 c4 24. Bf1 Qb6 25. dxc4 Nxc4 26. Bxc4 dxc4 27. Re4 Qc5 28. Qe2
Qf5 1/2-1/2

[Event "Dutch League 2023-24"]
[Site "Netherlands NED"]
[Date "2024.04.20"]
[Round "9.5"]
[White "Van Foreest, Machteld"]
[Black "Braun, Christian2"]
[Result "1-0"]
[WhiteTitle "FM"]
[BlackTitle "IM"]
[WhiteElo "2332"]
[BlackElo "2397"]
[WhiteTeam "Groninger Combinatie"]
[BlackTeam "Zuid Limburg"]
[WhiteFideId "1051563"]
[BlackFideId "4692098"]
[EventDate "2023.09.16"]
[EventType "team"]

1. e4 e6 2. Qe2 e5 3. Nf3 d6 4. g3 Nf6 5. Bg2 g6 6. O-O Bg7 7. d4 Nbd7 8. dxe5
dxe5 9. Rd1 Qe7 10. b3 b6 11. Ba3 Nc5 12. Nc3 O-O 13. Na4 Nfd7 14. Bh3 Re8 15.
Qc4 Qf6 16. Nxc5 Nxc5 17. Bxc8 Raxc8 18. Kg2 Ne6 19. Bb2 Qe7 20. Bxe5 Bxe5 21.
Nxe5 Qc5 22. Rd5 Qxc4 23. Nxc4 f6 24. Rad1 Nc5 25. f3 Kf7 26. b4 Ne6 27. f4 Nf8
28. Kf3 Re6 29. e5 f5 30. h3 h5 31. g4 hxg4+ 32. hxg4 fxg4+ 33. Kxg4 Rc6 34. Ne3
Rc3 35. R5d3 Rxd3 36. Rxd3 Re8 37. Ra3 Ra8 38. Nd5 Ne6 39. b5 Ke8 40. Rh3 1-0

[Event "Dutch League 2023-24"]
[Site "Netherlands NED"]
[Date "2024.04.20"]
[Round "9.6"]
[White "Suvorov, Luca"]
[Black "Slagboom, Leandro"]
[Result "1/2-1/2"]
[WhiteTitle "FM"]
[BlackTitle "FM"]
[WhiteElo "2389"]
[BlackElo "2326"]
[WhiteTeam "Zuid Limburg"]
[BlackTeam "Groninger Combinatie"]
[WhiteFideId "12977071"]
[BlackFideId "1065882"]
[EventDate "2023.09.16"]
[EventType "team"]

1. d4 d5 2. c4 e6 3. Nc3 c5 4. e3 Nf6 5. Nf3 Nc6 6. a3 dxc4 7. Bxc4 a6 8. O-O b5
9. Ba2 Bb7 10. Qe2 cxd4 11. Rd1 b4 12. axb4 Nxb4 13. Nxd4 Nxa2 14. Rxa2 Qc7 15.
e4 Bd6 16. Nf3 Ng4 17. h3 Ne5 18. Be3 Nxf3+ 19. Qxf3 O-O 20. Qe2 Bh2+ 21. Kh1
Be5 22. Bd4 Bxd4 23. Rxd4 Qb6 24. Rd1 a5 25. Rda1 Bc6 26. Qe3 Qxe3 27. fxe3 Rfb8
28. Kh2 h6 29. Kg3 Rb4 30. Rxa5 Rxa5 31. Rxa5 Rxb2 32. Rc5 Bb7 33. Rc7 Ba6 34.
Nd1 Rd2 35. Nf2 h5 36. h4 g5 37. hxg5 h4+ 38. Kf3 e5 39. g3 Be2+ 40. Kg2 h3+ 41.
Nxh3 Bd3+ 42. Kf3 Be2+ 43. Kg2 Bd3+ 44. Kf3 Be2+ 45. Kg2 1/2-1/2

[Event "Dutch League 2023-24"]
[Site "Netherlands NED"]
[Date "2024.04.20"]
[Round "9.7"]
[White "Van der Hagen, Loek"]
[Black "Van Meegen, Ruud"]
[Result "0-1"]
[WhiteTitle "FM"]
[BlackTitle "FM"]
[WhiteElo "2346"]
[BlackElo "2275"]
[WhiteTeam "Groninger Combinatie"]
[BlackTeam "Zuid Limburg"]
[WhiteFideId "1052853"]
[BlackFideId "1034995"]
[EventDate "2023.09.16"]
[EventType "team"]

1. e4 c6 2. Nc3 d5 3. Nf3 dxe4 4. Nxe4 Nf6 5. Qe2 Nxe4 6. Qxe4 Nd7 7. Bc4 Nf6 8.
Ne5 e6 9. Qe2 b5 10. Bd3 Bb7 11. a4 a6 12. O-O Be7 13. c3 O-O 14. f3 Qb6+ 15.
Kh1 Rad8 16. Re1 g6 17. b3 Nh5 18. Bc2 Bh4 19. Rd1 c5 20. axb5 axb5 21. Qe3 Qc7
22. Bb2 Bf6 23. Nd3 Rd5 24. Ra7 Rb8 25. Nf2 Bg5 26. Qe1 Re5 27. Qf1 c4 28. d4
cxd3 29. Bxd3 Be3 30. Ra2 Ng3+ 31. hxg3 Rh5+ 32. Nh3 Qxg3 33. Be4 Bf4 34. Kg1
Be3+ 35. Kh1 Bf4 36. Kg1 Rxh3 37. Bc1 Rh1+ 0-1

[Event "Dutch League 2023-24"]
[Site "Netherlands NED"]
[Date "2024.04.20"]
[Round "9.8"]
[White "Gallasch, Jonas"]
[Black "Wempe, Joost"]
[Result "1/2-1/2"]
[WhiteTitle "FM"]
[BlackTitle "FM"]
[WhiteElo "2293"]
[BlackElo "2287"]
[WhiteTeam "Zuid Limburg"]
[BlackTeam "Groninger Combinatie"]
[WhiteFideId "16222474"]
[BlackFideId "1005502"]
[EventDate "2023.09.16"]
[EventType "team"]

1. Nf3 d5 2. d4 Nf6 3. g3 Bf5 4. Bg2 e6 5. O-O Be7 6. c4 c6 7. Qb3 Qb6 8. Nc3 h6
9. c5 Qxb3 10. axb3 O-O 11. b4 a6 12. b5 cxb5 13. Nxb5 Nc6 14. Nc3 Ne4 15. Na4
g5 16. e3 Rad8 17. Rd1 g4 18. Nd2 Ng5 19. Nb1 Bc2 20. Rd2 Be4 21. Nbc3 Nf3+ 22.
Kh1 Nxd2 23. Bxd2 Bxg2+ 24. Kxg2 f5 25. Ne2 Kf7 26. Bc3 h5 27. Rb1 Rh8 28. b4
Na7 29. Be1 h4 30. Nec3 Nb5 31. Ra1 Nxc3 32. Nxc3 Ra8 33. Na4 h3+ 34. Kf1 Bd8
35. Nb2 Bc7 36. Bc3 Rhb8 37. Ke2 Ke7 38. Nd3 Kd7 39. Kd2 Kc6 40. Kc2 Kb5 41. Rb1
b6 42. Bd2 bxc5 43. bxc5+ Kc6 44. Ra1 a5 45. Ra4 Rb5 46. Bc3 Rab8 47. Ra1 Kb7
48. Bb2 a4 49. Rxa4 Ra8 50. Rxa8 Kxa8 51. Bc3 Kb7 52. Bd2 Ba5 53. Bc1 Kc6 54.
Ne5+ Kc7 55. Nd3 Rb7 56. Bb2 Kc6 57. Bc1 Bc7 58. Bb2 Kb5 59. Kb3 Ra7 60. Bc3 Ra4
61. Bb2 Rc4 62. Bc3 Ba5 63. Bb2 Ra4 64. Ba3 Bc7 65. Bb2 Ra6 1/2-1/2

[Event "Dutch League 2023-24"]
[Site "Netherlands NED"]
[Date "2024.04.20"]
[Round "9.9"]
[White "Hilwerda, Jonas"]
[Black "Baltic, Fatih"]
[Result "1-0"]
[WhiteTitle "FM"]
[BlackTitle "FM"]
[WhiteElo "2248"]
[BlackElo "2271"]
[WhiteTeam "Groninger Combinatie"]
[BlackTeam "Zuid Limburg"]
[WhiteFideId "1046713"]
[BlackFideId "12979090"]
[EventDate "2023.09.16"]
[EventType "team"]

1. e4 a6 2. d4 c6 3. Nc3 d5 4. e5 Bf5 5. g4 Bg6 6. Nge2 e6 7. Ng3 c5 8. f4 cxd4
9. Qxd4 Nc6 10. Qf2 d4 11. Nce4 Bxe4 12. Nxe4 Qc7 13. a3 O-O-O 14. Bg2 f6 15.
exf6 gxf6 16. Bd2 h5 17. g5 f5 18. Ng3 h4 19. Ne2 Nge7 20. O-O-O Bg7 21. Kb1 h3
22. Bxc6 Qxc6 23. Nc1 Nd5 24. Rhe1 Kb8 25. Nb3 Nc7 26. Bc1 Qb6 27. Rd3 Rd5 28.
Red1 Nb5 29. c4 Nc3+ 30. Rxc3 dxc3 31. Qxb6 Rxd1 32. Nc5 1-0